000 00536nmm a2200169Ia 4500
008 251105s9999||||xx |||||||||||||||||und||
020 _a8479087803
041 _aspa
100 _aTur Viñes, V.
245 0 _aComunicación publicitaria de juguetes en televisión
264 _a[Madrid, España] :
_bPublicaciones de la Universidad de Alicante,
_c2004
300 _a368 páginas
490 _aCiencias Sociales
650 _aMedia Studies (Journ., TV, etc)
856 _uhttps://public.digitaliapublishing.com/a/589
942 _cCF
999 _c73618
_d73618